El ordenamiento legal de las fundaciones [legislacin̤ estatal y de las Comunidades Autn̤omas] /

Detalles Bibliográficos
Autor principal: Badenes Gasset, Ramn̤
Formato: Desconocido
Lenguaje:español
Publicado: Barcelona : J. M. Bosch, 1996
Materias:
Acceso en línea:Acceso restringido

MARC

LEADER 00000ny a22000003n 4500
005 20110617122454.0
008 080609s1996 sp s 000 0 spa
020 |a 8476983956 
035 |a 1118 
040 |a UMA.RE  |d vlex 
080 |a 347.191.12(0.034) 
090 |c 1411  |d 1411 
100 1 |a Badenes Gasset, Ramn̤ 
245 1 3 |a El ordenamiento legal de las fundaciones  |h [Recurso electrn̤ico]  |b [legislacin̤ estatal y de las Comunidades Autn̤omas] /  |c Ramn̤ Badenes Gasset 
256 |a Servicio en ln̕ea 
260 |a Barcelona :  |b J. M. Bosch,  |c 1996 
506 1 |a Contenido solo disponible en los productos indicados  |d vLex Global  |d vLex Global (Academic Edition, excluding Law Schools)  |d vLex Global (U.S. Academic Edition, Law Schools)  |d vLex Global (U.S. Academic Edition, excluding Law Schools)  |d vLex Global (Academic Edition, Law Schools) 
650 0 7 |a Civil  |2 Tesauro vLex 
650 0 7 |a Fundaciones  |2 Tesauro vLex 
740 0 |a vLex Libros (Servicios en ln̕ea) 
856 4 0 |u http://vlex.com/source/1118  |z Acceso restringido 
942 |c BOOK